Panel (Record no. 4910)

MARC details
000 -BAŞLIK
Sabit Uzunlukta Kontrol Alanı 00867na a2200241 4500
001 - KONTROL NUMARASI
Denetim Alanı 18073
003 - KONTROL NUMARASI IDENTIFIER
Denetim Alanı MIRAKIL
005 - SON İŞLEM TARİHİ VE ZAMANI
Denetim Alanı 20181213155021.0
008 - SABİT-BOY VERİ ELEMANLARI - GENEL BİLGİLER
Sabit Uzunlukta Kontrol Alanı 161110b tu 000 0
040 ## - KATALOGLAMA KAYNAK
Orijinal Kataloglama Ajansı Milas
Kataloglama Dili tur
Metne Dönüştürmek Ajansı TR-AnCHP
041 ## - DİL KODU
Metin / Ses Parça Veya Ayrı Başlığın Dil Kodu tur
082 ## - DEWEY ONLU SINIFLANDIRMA NUMARASI
Sınıflandırma Numarası 364.168
Ürün Numarası P25p 2001
090 ## - SINIFLAMA NUMARASI
Sınıflama Numarası 364.168 P25p 2001
111 ## - ANA GİRİŞ - TOPLANTI ADI
Giriş Elemanı Olarak Toplantı Adı Veya Yargı Alanı Adı Panel Organize Suçluluk, Yolsuzluk ve Kara Parayla Mücadelede Türkiye'nin Konumu
Toplantının Yeri Çanakkale
Toplantı Veya Antlaşma İmzalandığı Tarihi 2001
245 ## - BAŞLIK TABLOSU
Başlık Panel
Başlığın Kalan organize suçluluk, yolsuzluk ve kara parayla mücadelede Türkiye'nin konumu
Sorumluluk Tablosu, Vb Türkiye Barolar Birliği
246 ## - UNVAN FORM VARYING
Başlık Doğru / Kısa Başlığı Organize suçluluk, yolsuzluk ve kara parayla mücadelede Türkiye'nin konumu
260 ## - YAYIN, DAĞITIM, VB
Yayın, Dağıtım, Vb Yeri Çanakkale
Yayıncı, Dağıtıcı, Vs Adı TBB
Yayın, Dağıtım, Vb Tarihi 2001
300 ## - FİZİKSEL TANIM
Kapsam 56 s.
Boyutlar 24 sm.
650 ## - KONU KATMA GİRİŞ - TOPİKAL DÖNEM
Topikal Süreli Veya Coğrafi Ad Giriş Elemanı Mali suçlar
Genel Alt Bölümü Toplantılar
650 ## - KONU KATMA GİRİŞ - TOPİKAL DÖNEM
Topikal Süreli Veya Coğrafi Ad Giriş Elemanı Suçlar
Genel Alt Bölümü Yolsuzluk
Kronolojik Alt Bölümü Mali suçlar
710 ## - KATMA GİRİŞ - KURUMSAL ADI
Giriş Elemanı Olarak Kurumsal Ad Veya Yargı Alanı Adı Türkiye Barolar Birliği
942 ## - EKLENDİ GİRİŞ ELEMANLARI (KOHA)
Sınıflandırma Veya Raf Düzeni Kaynak
Koha Öğesi Türü Books
999 ## - SİSTEM KONTROL NUMARALARI (KOHA)
Koha Biblionumber 4910
Koha Biblioitemnumber 4910
Holdings
Kalıcı Konum Mevcut Konum Edinme Tarihi Edinim Kaynak Toplam Check-Out'Lar Tam Çağrı Numarası Barkod Tarih Son Görülme İtibaren Geçerli Fiyatlar Koha Öğesi Türü
CHP Kütüphanesi CHP Kütüphanesi 11/10/2016 Bağış   364.168 P25p 2001 008582 11/10/2016 11/10/2016 Books